=LDR 00000nam 2200000 4500 =001 INLIS000000000016622 =005 20130612111906 =008 ***********************************Ind** =035 ##$$0010-061300000016622 =041 ##$$a Ind =082 ##$$a 300 =090 ##$$a 300, Sul i =100 ##$$a Sulaeman, M. Munandar =245 ##$$a Ilmu sosial dasar, teori dan konsep ilmu sosial, M. Munandar Soelaeman =260 ##$$a 2001 $b Bandung =300 ##$$a 377 hlm, 23 cm =650 ##$$a Ilmu-Ilmu Sosial =850 ##$$a NBPNMAT =990 ##$$a 0001/BPAP-NTB/20142014 =990 ##$$a 0001/BPAP-NTB/20142014 =990 ##$$a 0001/BPAP-NTB/20142014